000 00504nam a22001697a 4500
008 150923b xxu||||| |||| 00| 0 eng d
020 _a9781418843250
020 _a1418843253
041 0 _aeng
080 _a004.42
245 _aMicrosoft Office 2007:
_cGary B. Shelly; Thomas J. Cashman; Misty E. Vermaat;
260 _aUSA:
_bCourse Technology;
_c2008.
300 _aPPT 160 f.:
_bme il.;
_c25 cm.
650 0 _aKompjuterët
650 0 _aProgramet
942 _2udc
_cBK
999 _c1159
_d1159